[Event "San Francisco Mechanics"]
[Site "San Francisco"]
[Date "1998.07.13"]
[Round "4"]
[White "Christiansen, Larry Mark"]
[Black "Hodgson, Julian M"]
[Result "0-1"]
[WhiteElo "2575"]
[BlackElo "2575"]
[Annotator "Hansen,Cu"]
[PlyCount "100"]
[EventDate "1998.07.10"]
[EventType "tourn"]
[EventRounds "9"]
[EventCountry "USA"]
[EventCategory "10"]
[SourceTitle "CBM 066"]
[Source "ChessBase"]
[SourceDate "1998.09.30"]
[SourceVersion "1"]
[SourceVersionDate "1998.09.30"]
[SourceQuality "1"]

1. e4 {HarZvi,R} c5 2. c3 Nf6 3. e5 Nd5 4. g3 d6 5. exd6 e6 6. Bg2 Bxd6 7. Nf3
(7. Ne2 {HarZvi,R} O-O 8. d4 Nc6 9. O-O Nde7 10. Na3 cxd4 11. Nb5 Bb8 12. Nbxd4
e5 13. Nxc6 Nxc6 14. Be3 Bg4 {Rozentalis,E-Rogers,I/Biel op 1990/EXP 19/1/2-1/
2 (45)}) 7... Nc6 8. d4 cxd4 9. Nxd4 Nxd4 (9... Bd7 {HarZvi,R} 10. O-O O-O 11.
Ne2 (11. Nf3 Ne5 12. Nxe5 Bxe5 13. Nd2 Qc7 14. Qe2 {1/2-1/2 Rozentalis,
E-Shirov,A/North Bay op 1994/EXT 94op}) 11... Qe7 12. Nd2 Rad8 13. Nc4 Bb8 14.
Re1 Bc8 15. Qc2 Rfe8 16. Ne3 Nf6 17. b3 Qc5 18. Bb2 h5 19. Nd4 Ne5 20. Rad1 h4
21. Qe2 hxg3 22. hxg3 a6 23. c4 {1-0 Slobodjan,R-Hansen,S/Lippstadt 1997/EXP
59 (39)}) 10. Qxd4 O-O 11. O-O Qc7 12. Rd1 (12. Nd2 {HarZvi,R} Bd7 13. Ne4 Be5
(13... Be7 $5 {Rozentalis}) (13... Bb5 $5 14. Re1 Be7 15. Ng5 Rad8 (15... h6 $4
$16 16. Nxe6 $1 {Von Gleich; CBM 40} (16. Nf3 $2 Rad8 17. a4 Ba6 {1/2-1/2
Rozentalis,E-Wojtkiewicz,A/Bonn GSK 1994/CBM 40}) 16... fxe6 17. Rxe6 $16 (17.
Rxe6 Nxc3 (17... Nb6 18. Qe5 Qc5 (18... Qd7 19. Rxe7 Qd1+ 20. Qe1) 19. Be3 Qxe5
20. Rxe5 $18) (17... Bc5 18. Qxd5 Rxf2 19. Rc6+ Rf7+ 20. Rxc5 Bc6 21. Rxc6 bxc6
22. Qxc6 Qxc6 23. Bxc6 Rd8 24. Bf4) 18. Qxc3 Qxc3 19. bxc3 Bc5 20. Be3 $16) (
17. Bxd5 $4 Bc5 18. Bxe6+ (18. Rxe6 Bxd4 19. Re7+ Kh8 20. Rxc7 Bxf2+ 21. Kg2
Bb6 22. Rxb7 Bf1+ (22... Rad8 23. Bb3 Rf2+ 24. Kh3 Bf1+) 23. Kh1 Rad8 24. c4)
18... Kh8)) (15... Bc6 {Von Gleich} 16. Qd3 g6) 16. Qe4 Bxg5 17. Bxg5 Rd7 18.
Rad1 h6 19. Bc1 Rfd8 20. h3 Bc6 21. Qe2 a6 22. Rd4 Ne7 23. Rxd7 {1/2-1/2
Rozentalis,E-Ftacnik,L/EUCup Gr3 1994/CBM 45}) 14. Qd3 a6 $146 (14... Rad8 15.
Re1 Bc6 16. Qe2 h6 17. Bd2 Nf6 18. Rad1 Nxe4 19. Bxe4 Bxe4 20. Qxe4 Bf6 {
Rozentalis,E-Akopian,V/Philadelphia/1994}) 15. Re1 (15. Rd1 Bb5 16. Qc2 Rad8
17. Bd2 h6 18. f4 Bd4+ 19. Kh1 f5 20. Bc1 Ba7 $17 {0-1 Pedersen,S-Schandorff,L/
DEN-ch 1994/CBM 41 (35)}) 15... Bb5 16. Qf3 Bc6 17. Qe2 Nf6 (17... Bb5 {
Rozentalis} 18. Qh5) (17... h6 $1 $11) 18. Bg5 Bxe4 19. Bxe4 h6 $6 (19... Nxe4
$142 {Rozentalis} 20. Qxe4 Bd6 (20... Bd6 {Nunn} 21. Qg4 Be7)) 20. Bg2 $1 Bxg3
$8 (20... Bd6 21. Bxf6 $16) (20... Bxc3 21. Bf4 e5 22. Bxe5 $16 (22. Rac1 exf4
23. Rxc3 Qd7 $11) (22. Bxe5 {HarZvi} Qxe5 23. Qxe5 Bxe5 24. Rxe5 $14 {/+/-})) (
20... hxg5 21. Qxe5 Qb6 22. Qe2 $14 {[%cal Ga2a4,Ga4a5]} (22. c4 $5)) 21. Bxf6
Bxh2+ 22. Kh1 gxf6 23. Qg4+ $14 {/+/- 1-0 Rozentalis,E-Tkachiev,V/Hastings
Premier 9798 1997/CBM 63/[Rozentalis] (44)}) 12... Bd7 13. c4 (13. Bxd5 $6 exd5
14. Qxd5 Bc6 $1 15. Qxd6 Rad8 $19) 13... Bc5 14. Qd3 Nf6 15. Nc3 (15. Bg5 {
HarZvi,R} Ba4 16. Rd2 Ng4 $36) 15... Bc6 {HarZvi: black should be quite happy
from the opening's result,all his pieces are active,and he has no weakness the
position is about equal} 16. Qe2 (16. Bg5 $2 {HarZvi,R} Ng4 $17) 16... Bxg2 17.
Kxg2 Bb4 $1 {[%cal Yb4c3] HarZvi: not allowing white to organize his position
with Qf3-Bg5 or b3and then Bg5 If white had time to develop in a harmonic way
- with b2-b3, Bc1-b2, and doubling the Rs in d-<-> he would have a nice
position, with some advantage because of the P-majority on the Q-side. With
his next two move black manages to disturb white before he can get this ideal
setup.} 18. Nb5 {the best way,easing black's pressure} (18. Bd2 {HarZvi,R} Qc6+
19. f3 Rac8 20. b3 Rfd8 $132) 18... Qc6+ 19. f3 $6 {At the moment this move
does not seem to have bad influence on whites position. However it is a
weakening of whites kings position.} (19. Kg1 $142) (19. Qf3 $2 Qxc4) 19... b6
(19... a6 $5 {HarZvi,R}) 20. Bd2 Be7 (20... Bxd2 {HarZvi,R} 21. Rxd2 {[%cal
Ga1d1]}) 21. Bc3 Rfc8 22. b3 a6 23. Nd4 Qb7 {HarZvi: we have reached a very
solid position ,both players have quite very soild positions but still it
seems white's king is little bit more exposed than black's one,I think that
may give a very slight advantage} 24. a4 {preventing "b5" by black} Bf8 25. Ra2
Re8 $1 {[%cal Ye6e5,Ye5e4] The negative side of f2-f3 begin to show. White has
to watch out for the possibility e6-e5-e4 after which white either as to open
his K-position or allow black a passed P after f3-f4. White would not have
these problems if his f-P were still on f2.} 26. Rad2 Rac8 {[%cal Yb6b5]
HarZvi: black's plan must be something such as e5-e4 one day since he can not
play "b5",while it's not so easy to see white's plan It becomes clear that
white is fighting a two-front war. He also has to watch out for the break
b6-b5 which would seriosly loosen his P-structure on the Q-side.} 27. Nc2 {
[%cal Yc3f6]} e5 28. Bb2 {black was threating "b5"} Bc5 {[%cal Ye5e4]} 29. h3 (
29. Ne3 $5 {HarZvi,R} b5 {as in the game just without h3-h5}) 29... h5 30. Ne3
b5 31. axb5 axb5 32. Nf5 {White had to allow b6-b5 but has managed to stop
e5-e4 because opening the /^ a1-h8 would be too dangerous with whites N on f5
and B on b2 pointed in the direction of g7} (32. cxb5 {HarZvi,R} Bxe3 33. Qxe3
Qxb5 {[%csl Rb2,Rb3]}) 32... bxc4 33. bxc4 Bb4 34. Nd6 $6 (34. Rc2 $142 $15)
34... Bxd6 35. Rxd6 e4 $1 {HarZvi: black has achives his plan,he played "e4"
at the best time,white is faced no with great probelms Because of whites
mistake on move 34 black now is allowed anyway to advance his e-P putting
white in a very difficult position.} 36. f4 (36. Bxf6 $2 exf3+ 37. Qxf3 Re2+
$19) 36... e3+ 37. Kh2 Ne4 38. Rd7 (38. R6d5 $2 {HarZvi,R} Rxc4 $1) 38... Qc6
39. Qxh5 (39. Qxe3 $2 {HarZvi,R} Nc3 $19) 39... Qxc4 {[%csl Ge3][%cal Rc2h2] /
-+ Whites weak second rank makes his K-position much mure vulnerable that
blacks. And black has a extra bonus - the strong passed P on e3.} 40. h4 (40.
Qg4 {HarZvi,R} g6 $1 $19 {with the threats Qc2 or Qb3-Rc2 when white is
hopeless}) 40... Qa2 $1 $19 {[%cal Ra2b2,Ga2f7] Attacking Bb2 and still
protecting f7} 41. Kg1 Nxg3 42. Qg4 Qxb2 43. Qxg3 Rc1 44. Qe1 Rxd1 45. Rxd1 e2
46. Rd3 Qc2 47. Rg3 Qd1 48. Kf2 Qd4+ 49. Kg2 Qxf4 50. h5 Re5 0-1

[Event "ARG-World"]
[Site "Buenos Aires"]
[Date "1994.??.??"]
[Round "4"]
[White "Lombardy, William James"]
[Black "Panno, Oscar"]
[Result "1/2-1/2"]
[WhiteElo "2450"]
[BlackElo "2520"]
[Annotator "Hansen,Cu"]
[PlyCount "55"]
[EventDate "1994.04.??"]
[EventType "schev"]
[EventRounds "10"]
[EventCountry "ARG"]
[SourceTitle "CBM 042"]
[Source "ChessBase"]
[SourceDate "1994.10.01"]
[SourceVersion "1"]
[SourceVersionDate "1994.10.01"]
[SourceQuality "1"]

1. e4 c5 2. Nf3 e6 3. c3 Nf6 4. e5 Nd5 5. d4 cxd4 6. cxd4 b6 7. Nc3 Nxc3 8.
bxc3 Qc7 9. Bd2 d6 10. Bd3 Nd7 11. O-O Bb7 12. Re1 dxe5 (12... Be7 13. Rc1 {
0,5/Maciejewski,A-Jasnikovski,Z/ch-PL/1992/} (13. Bg5 dxe5 (13... Qd8 14. Bf4
Bxf3 (14... d5 15. Qd2 a5 16. Qe2 $16 {Lane,G-Holmes,D/BCF-ch/1989/}) 15. Qxf3
dxe5 16. dxe5 O-O 17. Rad1 Qc7 18. Bxh7+ Kxh7 19. Qd3+ Kg8 20. Qxd7 Rac8 21.
Be3 $1 $14 {Smagin,S-Dizdarevic,E/Zenica/1987/}) (13... Bxg5 14. Nxg5 h6 15.
Qh5 O-O 16. Re3 dxe5 17. Rg3 e4 18. Nxe4 Bxe4 19. Bxe4 Nf6 $10 {Smagin,
S-Adamski,J/Budapest/1988/}) 14. Bxe7 Bxf3 15. Qxf3 Kxe7 16. Qg3 Kf8 17. Bb5
Rc8 18. dxe5 Nc5 $15 {Ostermeyer,P-Ramos,D/BL/1987/}) (13. a4 O-O 14. a5 dxe5
15. Nxe5 Nxe5 16. dxe5 Rfd8 $15 {Preissman,E-Gallagher,J/SWZ-chT/1993/}) 13...
O-O (13... h6 14. Bf4 O-O 15. Bc2 Rfd8 16. Qd3 Nf8 17. Qe3 $14 {Mokcsay,
R-Fancsy,I/Gyor junior/1991/}) (13... dxe5 14. Nxe5 Nxe5 15. Rxe5 Bf6 16. Rh5
O-O-O 17. a4 g6 18. Rh3 Qc6 19. Qf1 $14 {Arkell,S-de Eccher,S/Lloyds Bank/1988/
}) 14. Bf4 Rfd8 (14... Rac8 15. Bb1 Bxf3 16. Qxf3 dxe5 17. Bxe5 Nxe5 18. Rxe5
g6 $15 {Dubois,JM-Koch,JR/French tch/1992/}) (14... g6 15. h4 Rfd8 16. h5 dxe5
17. Nxe5 Bd6 18. hxg6 hxg6 19. Qg4 Nxe5 20. Bxe5 Bxe5 21. Rxe5 Kg7 $10 {
Galyas,M-Nagy,Z/HUN-chT/1993/}) 15. Qe2 Rac8 16. Ng5 Nf8 17. Qh5 g6 18. Qh6 $14
{Braun,G-Klebel,M/2.BLO/1992/}) 13. Nxe5 (13. dxe5 Be7 (13... Bc5 14. Ng5 O-O-O
15. Bf4 Nf6 16. Qc2 Qc6 17. Bf1 Ng4 18. Bg3 Nh6 19. a4 $14 {Gonsior,
E-Passerotti,P/Forli op/1988/}) 14. Nd4 a6 (14... O-O-O 15. Bf1 a6 16. f4 h5
17. Be2 h4 18. Bf3 $13 {Huenerkopf,H-Weigel,R/2.BLS/1989/}) 15. Rb1 Nc5 16. Bc2
h5 17. a4 Rd8 18. Qe2 $14 {Huenerkopf,H-Ahmels,V/BL/1982/}) (13. Ng5 e4 (13...
g6 14. Qg4 {0,5/Braeuning,R-Haag,M/GER-ch/1993/}) 14. Nxe4 Be7 15. Qg4 O-O-O
16. Qxg7 $16 {Rause,O-Berset,P/Ticino op/1992/}) 13... Nxe5 14. Rxe5 Bd6 15.
Bb5+ (15. Rh5 g6 16. Rh3 (16. Bb5+ Bc6 17. Qf3 O-O-O 18. Bxc6 (18. Qxc6 Qxc6
19. Bxc6 gxh5 20. Bg5 Rdf8 21. Bf6 Rhg8 22. Be4 Rg6 23. Bxg6 fxg6 $15 {Salai,
L-Orsag,M/Brno-C/1991/}) 18... gxh5 19. a4 a6 20. Be4 Kb8 21. Qxh5 $44 {
Rizzitano,J-Miles,A/USA/1980/}) (16. Rh6 Bf8 17. Bb5+ Bc6 18. Qf3 Rc8 19. Qf6
$13 {Werner,C-Werner,D/2.BLSW/1988/}) 16... O-O (16... Qc6 17. f3 O-O 18. Qe1
Be7 $10 {Fedorov,V-Fornari,G/Aosta open/1988/} (18... Qd7 19. Qh4 f5 20. Bb5
Qf7 21. Re1 $14 {Smagin,S-Plachetka,J/Trnava/1987/})) (16... Bf4 17. Qa4+ Ke7 (
17... Kf8 18. Bxf4 Qxf4 19. Qd7 Rb8 20. Ba6 Be4 21. Qxa7 Qd6 22. Bb5 Kg7 $14 {
Djurhuus,R-Kouatly,B/Thessaloniki ol/1988/}) 18. Qb4+ Kf6 19. c4 Kg7 20. Bc3
Rhe8 21. Re1 Kg8 22. Qb2 Rac8 $10 {Vysochin,S-Chernosvitov,A/URS-chJ/1992/}) (
16... O-O-O 17. Bg5 Be7 18. Bxe7 Qxe7 19. a4 $16 {Casden,A-Le Gore,D/corr/1991/
}) 17. Bh6 (17. Qg4 f5 18. Qe2 (18. Qh4 Rf7 19. Rc1 Qc6 $10 {Donguines,
F-Kouatly,B/Manila ol/1992/}) 18... Rae8 19. Re1 (19. Bb5 Bc6 20. Bc4 Bd5 $10 {
Sariego,W-Vera,R/Linares NL/1992/}) 19... Kh8 20. Bb5 {0,5/Pinal,N-Bellon,
Lopez,JM/Capablanca mem-A/1985/}) (17. c4 Rfe8 18. Qg4 f5 19. Qh4 Qg7 20. Bh6
Qf7 21. Rd1 {Greger,R-Cramling,P/Valby K41/1991/}) (17. Qe2 Rac8 18. Re1 Bd5
19. Ba6 Bc4 20. Bxc4 Qxc4 21. Qe4 $14 {Salai,L-Nemec,P/CSR-chT/1992/}) 17...
Rfe8 18. Qg4 e5 $15 {Grosar,A-Strikovic,A/Genf op/1991/}) 15... Bc6 (15... Kf8
16. Rh5 Be4 17. Qe2 Bg6 18. Rh3 $14 {Blatny,P-Grosar,A/Debrecen EU-tch/1992/})
16. Qf3 Rc8 (16... O-O-O 17. Bxc6 Bxe5 {Sequeira,J-Akopian,V/WchJ/1991/} 18. a4
Rd6 19. Ba8 (19. Bb5 Rd5 20. c4 Rxd4 21. Bc3 Qb7 22. Ba6 Qxa6 23. Bxd4 Bxd4 24.
Qc6+ Kb8 25. Qd6+ Ka8 26. Qxd4 Rc8 $17 {Sequeira,J-Akopian,V/WchJ/1991/}) 19...
Re8 20. Bc1 {0,5/Rojo Gomez,J-De la Villa,O/ESP-ch/1993/}) 17. Bxc6+ Qxc6 18.
d5 Qb7 19. Rh5 e5 20. Re1 f6 21. Qh3 Qd7 22. Qh4 Qf7 23. Rxh7 Rxh7 24. Qxh7
Qxd5 25. Be3 Bf8 26. Qg6+ Qf7 27. Qc2 Qc4 28. Rd1 1/2-1/2

[Event "RUS-Cup07"]
[Site "Tomsk"]
[Date "1998.07.23"]
[Round "9"]
[White "Tregubov, Pavel V"]
[Black "Bragin, Alexander"]
[Result "1-0"]
[WhiteElo "2560"]
[BlackElo "2375"]
[Annotator "Hansen,Cu"]
[PlyCount "97"]
[EventDate "1998.07.15"]
[EventType "swiss"]
[EventRounds "9"]
[EventCountry "RUS"]
[SourceTitle "CBM 067"]
[Source "ChessBase"]
[SourceDate "1998.11.30"]
[SourceVersion "2"]
[SourceVersionDate "1998.11.01"]
[SourceQuality "1"]

1. e4 {Hecht} c5 2. c3 e6 3. d4 d5 4. exd5 Qxd5 5. Nf3 Nf6 6. Na3 cxd4 7. Nb5
Na6 8. Qxd4 Bc5 9. Qxd5 Nxd5 10. a3 Bd7 11. Ne5 Nac7 12. Nxc7+ Nxc7 13. Nxd7
Kxd7 14. Be2 Nd5 15. c4 Ne7 16. Bf4 {White has the ^^ and a P-majority on the
Q-side. Together these two factors makes blacks fight for a draw a up-hill
struggle. There would be two ways to try neutralising whites chances. Either
to exchange the black-squared Bs. Or to build a stronghold in the centre with
f7-f6 and e6-e5 creating a outpost on d4. However the white squares would of
course be seriously weakened.} Rad8 17. Rd1+ (17. b4 Bd4 (17... Bd6 18. Rd1 $18
)) 17... Kc8 18. O-O Bd4 (18... Nc6 $5 {[%csl Gd4][%cal Yc6d4]} 19. b4 Be7 (
19... Nd4 20. Bh5 Be7 21. Be3 $16) 20. Be3 Bf6 {[%csl Gd4]}) 19. Bc1 Rd7 20.
Rd3 $2 {After this waste of time black should be equal} Rhd8 21. Rdd1 (21. Rfd1
Nc6 {[%cal Yc6e5,Yd4f6]}) 21... f5 22. g3 e5 {This might not be bad. However
In my opinion it is blacks N and not his B that should be placed on d4.} (22...
Nc6 $5 {[%cal Yd4f6,Yc6d4]}) 23. Kg2 Nc6 (23... h6 $5 $11 {[%csl Gg5]}) 24. Bg5
Ne7 25. Rb1 h6 26. Bc1 g5 $6 27. Rh1 $1 {Intending to create targets for Bc1
with h2-h4} Rd6 28. h4 g4 29. h5 {[%csl Rh6]} Nc6 30. b4 e4 $2 {Now everything
goes wrong for black. White is allowed some wonderful /^s c1-f4 and f1-a6/
a2-g8 for his Bs.} 31. c5 Rf6 32. Rd1 a5 33. Bf4 axb4 (33... Be5 34. Rxd8+ Kxd8
35. b5 $16) 34. axb4 Be5 35. Rxd8+ Kxd8 36. b5 Bxf4 37. bxc6 Bb8 38. cxb7 {
Hecht: [#] Die verbundenen Freibauern i.V. mit der Schwäche der schwarzen
Königsflügelbauern sowie dem eklatanten Raumvorteil garantieren Weiß, dessen
König nicht eingreifen muß, den Sieg. Taktische Motive.} Rc6 39. Rb5 Kc7 40.
Bc4 Ba7 41. Bd5 Ra6 (41... Rxc5 {Hecht} 42. b8=Q+ $18) 42. b8=Q+ {'!' Hecht.}
Bxb8 43. Rb7+ Kc8 44. Rf7 Ra3 (44... Ra7 {Hecht} 45. Rf8+ Kc7 46. Be6 Kb7 (
46... Rb7 47. Rc8#) (46... Ra8 47. Rc8+ Kb7 48. c6+ Kb6 49. c7 $18) (46... Ra5
47. Rc8+ Kb7 48. c6+ Ka7 49. c7 $18) 47. c6+ Ka8 48. Bd5 Rc7 49. Rxf5 $18 {
[%csl Re4,Rg4]}) 45. Be6+ Kd8 46. Rd7+ Ke8 47. c6 Rc3 48. Bxf5 e3 (48... Rxc6 {
Hecht} 49. Rb7 $18 {[%cal Rf5d7,Rb7b8]}) 49. Bg6+ 1-0

[Event "Baden-Baden-B"]
[Site "Baden-Baden"]
[Date "1992.12.12"]
[Round "7"]
[White "Vogt, Lothar"]
[Black "Hort, Vlastimil"]
[Result "0-1"]
[WhiteElo "2530"]
[BlackElo "2560"]
[Annotator "Hansen,Cu"]
[PlyCount "114"]
[EventDate "1992.12.??"]
[EventType "tourn"]
[EventRounds "11"]
[EventCountry "GER"]
[EventCategory "11"]
[SourceTitle "CBM 033"]
[Source "ChessBase"]
[SourceDate "1993.04.01"]
[SourceVersion "1"]
[SourceVersionDate "1993.04.01"]
[SourceQuality "1"]

1. e4 c5 2. Nf3 a6 3. c3 d5 4. exd5 Qxd5 5. d4 Nf6 6. Be3 (6. Bd3 e6 7. O-O Be7
(7... Nc6 8. dxc5 Bxc5 9. b4 Ba7 10. a3 O-O 11. Qe2 Qh5 12. Nbd2 Bb8 13. Re1
Nd5 14. Ne4 $14 {Wahls,M-Schulz Altenstieg 1987}) 8. Be3 b6 9. dxc5 Bxc5 10.
Bxc5 Qxc5 11. Nbd2 Bb7 $10 {Gurevich,Vl-Csom,I Siofok Hungaroil 1990}) 6...
cxd4 7. cxd4 e6 8. Nc3 Qd6 9. Bd3 (9. Be2 Be7 10. O-O O-O (10... Nc6 11. Nd2
O-O 12. Nc4 Qd8 13. Bf3 Nd5 14. Nxd5 exd5 15. Bxd5 Qxd5 16. Nb6 $16 {Sax,
Gy-Fernandez,A Debrecen EM 1992}) 11. Rc1 (11. Qd2 Nc6 12. Rfd1 b5 13. Ng5 $6
Qd8 14. a4 b4 15. Nce4 Nd5 $15 {Shabanov-Vakhidov Uzhgorod 1988}) (11. a3 Nc6
12. b4 b5 13. Rc1 Bb7 14. Qd3 Rac8 15. Ng5 Nb8 16. Nge4 Nxe4 17. Nxe4 Bxe4 18.
Qxe4 Nd7 $10 {Rogers,I-Sitnikova Lloyds Bank 1990}) 11... Nbd7 12. Qd2 (12. Nd2
Nd5 13. Nxd5 exd5 14. Nf3 Re8 $10 {Fischer,Ju-Ackerman,H BL 81-82}) 12... Nb6
13. Bf4 Qd8 14. Ne5 Nfd5 15. Bg3 Bd7 $10 {Suetin,A-Tajmanov,M USSR 1967 (inf 3/
361)}) 9... Nc6 10. a3 (10. O-O Be7 11. Rc1 O-O 12. Bb1 Bd7 13. Ne5 Rac8 (13...
Nxe5 14. dxe5 Qxe5 15. Bd4 $16) 14. Bf4 Qb4 15. a3 Qa5 (15... Qxb2 16. Nc4 $16)
16. Nxd7 Nxd7 17. d5 $16 {Gurevich,I-Franklin,M Lloyds Bank 1992}) 10... Be7
11. O-O O-O 12. Qc2 $6 (12. Rc1) 12... Bd7 13. Rad1 {/\14.Ne4 Nxe4 15.Bxe4 g6
16.d5 +/-} g6 14. Qd2 {/\15.Bf4 +-} (14. Ne4 Qc7 (14... Nxe4 15. Bxe4 Rac8 $14)
15. Ne5 Rac8 $10) 14... Nd5 15. Ne4 (15. Nxd5 Qxd5 $10) 15... Qc7 16. Bh6 Rfd8
17. Rfe1 Be8 $10 18. Bc4 Qa5 19. Qe2 (19. Qxa5 Nxa5 $15 {קd4}) 19... Rac8 20.
Neg5 $6 (20. h4 $5 {/\h4-h5|^//\Bh6-g5}) 20... Bf6 $15 {/\Sce7} 21. Qe4 Nce7 {
/\Nf5} 22. Ne5 Qb6 {><e6,/\Nf5} (22... Nf5 $2 23. Ngxf7 $1 $16) 23. Bxd5 exd5 (
23... Nxd5 24. Ng4 Bh8 $15) 24. Qf4 Nf5 25. Ng4 Bh8 (25... Bxd4 $4 26. Rxd4
Qxd4 27. Qxd4 Nxd4 28. Nf6+ Kh8 29. Rxe8+ Rxe8 30. Nxf7#) 26. Nf3 Ba4 27. b3 $5
(27. Rd2 Bc2 {/\Be4//\Qxb2}) 27... Bxb3 28. Rb1 Re8 29. Re5 $8 (29. Rxe8+ Rxe8
30. h4 Qb5 $17 {/\Qd3}) 29... Rxe5 (29... Qb5 $5 30. Rxf5 $2 Qd3 $19) 30. dxe5
Rc4 $2 (30... Rc3 $2 31. e6 $16) (30... Qb5 $1 {/\Qd3}) 31. Qg5 $16 {/\Rxb3 +-}
Rc3 (31... Rxg4 $2 32. Qxg4 Nxh6 33. Qc8+ Kg7 34. Qc3 $16) 32. e6 (32. Nd2 $5 {
/\Sxb3 +-} Bc4 (32... Nd4 33. Qe7 Rc8 34. Be3 $18) 33. h4 {/\Rxb6} (33. Rxb6 $4
Rc1+ $19) (33. h3 Qc7 34. Nxc4 Rxc4 35. Rxb7 Rc1+ 36. Qxc1 Qxb7 37. Bg5 $14)
33... Qc7 (33... Bb5 34. a4 $18) 34. Nxc4 (34. Rxb7 Rc1+ 35. Kh2 Bxe5+ 36. f4
Bxf4+ 37. Qxf4 Qxb7 38. Nf6+ Kh8 39. Qe5 $18) 34... Rxc4 $8 (34... dxc4 35.
Rxb7 Qc8 36. e6 fxe6 37. Nf6+ Bxf6 38. Qxf6 Rc1+ 39. Kh2 $18) 35. Rxb7 Qc8 (
35... Rc1+ 36. Kh2 Bxe5+ 37. f4 f6 (37... Bxf4+ 38. Qxf4 Qxb7 39. Nf6+ Kh8 40.
Qxc1 $18) 38. Nxf6+ Bxf6 39. Qxf6 Nxh6 40. Qe6+ $16) 36. e6 (36. g3 $2 Rxg4 $19
) (36. h5 $2 Rxg4 $19) (36. Ra7 $5) 36... fxe6 37. Nf6+ (37. Qf6 $2 Rc1+ 38.
Kh2 Rc7 $19) 37... Bxf6 38. Qxf6 Rc1+ 39. Bxc1 (39. Kh2 Rc7 $19) 39... Qxb7 (
39... Qxc1+ $2 40. Kh2 Qf4+ 41. Kh3 $18) 40. Qxe6+ (40. Bb2 Ng7 $15) 40... Kg7
(40... Qf7 41. Qxa6 $16) 41. Qe5+ Kf7 42. Bb2 $16) 32... fxe6 33. Nf6+ Bxf6 34.
Qxf6 {/\Qxc3/Qf8#} Rc8 35. Rxb3 $2 (35. Ng5 $1 Nxh6 36. Nxe6 (36. Qe7 $2 Qc7
37. Qxe6+ Nf7 $19 38. Nxf7) 36... Nf5 37. g4 Qa5 38. gxf5 Qc3 39. Nd4 Ba2 40.
Qe6+ Kh8 41. Qe5+ Kg8 42. Rxb7 Qc1+ 43. Kg2 Qg5+ 44. Qg3 $16) 35... Nxh6 $19
36. g3 Qxf2+ 37. Kxf2 Ng4+ 38. Ke2 Nxf6 39. Rxb7 Ne4 40. Nd4 e5 41. Ne6 Rc2+
42. Ke3 Rc3+ 43. Ke2 Rc2+ 44. Kd1 Rxh2 45. Rg7+ Kh8 46. Ra7 h5 47. Nf8 d4 48.
Nxg6+ Kg8 49. Nxe5 d3 50. Nxd3 Rd2+ 51. Ke1 Rxd3 52. Rxa6 Rxg3 53. a4 Kg7 54.
a5 h4 55. Ra7+ Kg6 56. Ra8 h3 57. Rh8 Ra3 0-1